| Tag |
First Indicator |
Second Indicator |
Subfields |
| LEADER |
00000cgm a2200000Ia 4500 |
| 001 |
in00002783931 |
| 005 |
20151202171838.0 |
| 007 |
vf cbahos |
| 008 |
990329s1998 cau103 e vleng d |
| 020 |
|
|
|a 0792153324 :
|c $47.75
|
| 020 |
|
|
|a 9780792153320
|
| 024 |
1 |
|
|a 097368025530
|
| 028 |
4 |
2 |
|a 802553
|b Paramount Home Video
|
| 035 |
|
|
|a (OCoLC)ocm41058450
|
| 035 |
|
|
|a (OCoLC)41058450
|
| 040 |
|
|
|a DMM
|c DMM
|d OCLCQ
|d UtOrBLW
|
| 043 |
|
|
|a n-us---
|
| 049 |
|
|
|a TXAM
|
| 090 |
|
|
|a PN1995.9.S67
|b T54 1998
|
| 245 |
0 |
4 |
|a The Tiger Woods story /
|c Paramount/MTV Production ; directed by LeVar Burton.
|
| 264 |
|
1 |
|a Hollywood, Calif. :
|b Paramount Home Video,
|c [1998]
|
| 264 |
|
4 |
|c ©1998
|
| 300 |
|
|
|a 1 videocassette (approximately 103 min.) :
|b sound, color, stereo. ;
|c 1/2 in.
|
| 336 |
|
|
|a two-dimensional moving image
|b tdi
|2 rdacontent
|
| 337 |
|
|
|a video
|b v
|2 rdamedia
|
| 338 |
|
|
|a videocassette
|b vf
|2 rdacarrier
|
| 538 |
|
|
|a VHS.
|
| 500 |
|
|
|a Rated PG-13.
|
| 546 |
|
|
|a Closed-captioned for the hearing impaired.
|
| 511 |
1 |
|
|a Keith David, Khalil Kain, Freda Foh Shen.
|
| 500 |
|
|
|a Originally released as motion picture.
|
| 500 |
|
|
|a Based on the book "Tiger" by John Strege.
|
| 520 |
|
|
|a The true story of the golfer Tiger Woods, a young hero who broke records and barriers.
|
| 500 |
|
|
|a Videorecording.
|
| 600 |
1 |
0 |
|a Woods, Tiger
|v Drama.
|
| 650 |
|
0 |
|a Golfers
|z United States
|v Drama.
|
| 655 |
|
7 |
|a Feature films.
|2 lcgft
|
| 655 |
|
7 |
|a Sports films.
|2 lcgft
|
| 655 |
|
7 |
|a Biographical films.
|2 lcgft
|
| 655 |
|
7 |
|a Video recordings for the hearing impaired.
|2 lcgft
|
| 700 |
1 |
|
|a Burton, LeVar.
|
| 700 |
1 |
|
|a David, Keith.
|
| 700 |
1 |
|
|a Kain, Khalil.
|
| 700 |
1 |
|
|a Foh Shen, Freda.
|
| 710 |
2 |
|
|a Paramount Pictures Corporation.
|
| 710 |
2 |
|
|a MTV Production.
|
| 710 |
2 |
|
|a Paramount Home Video (Firm)
|
| 994 |
|
|
|a C0
|b TXA
|
| 948 |
|
|
|a cataloged
|b h
|c 2012/12/19
|d c
|e blrosas
|f 9:23:14 am
|
| 999 |
|
|
|a MARS
|
| 999 |
f |
f |
|s ace4796a-7895-30cc-9e85-83dbd69318e9
|i 7f654dfb-8428-3351-8edd-e6f0aaf44217
|t 0
|